000 00512nam a22001697a 4500
999 _c12767
_d12767
003 AR-CdUCM
008 190410b ||||| |||| 00| 0 esp d
040 _aMUNICIPALIDAD PROVINCIAL DEL CUSCO
_cBIBLIOTECA MUNICIPAL DEL CUSCO
082 _a460.3 /
_bB85
245 _aDiccionario de Sinónimos y Antónimos /
_cBruño
260 _aLima :
_bBruño,
_c1987.
300 _a318 páginas ;
_c21 cm.
650 _aSinonimos
_927240
650 _aAntónimos
_927241
942 _2ddc
_cLIBROS
945 _aacrt
_d2019-04-10